Produktové inovácie v podniku cestovného ruchu s aplikáciou na Pohronský región diplomová práca

Guardado en:
Detalles Bibliográficos
Autor principal: Olšiaková, Lenka
Autor Corporativo: Obchodná fakulta EU. Katedra tovaroznalectva a kvality tovaru
Otros Autores: Jurkovičová, Lujza
Formato: Libro
Lenguaje:eslovaco
Publicado: Bratislava 2010
Etiquetas: Agregar Etiqueta
Sin Etiquetas, Sea el primero en etiquetar este registro!

MARC

LEADER 00000nam$a2200000$$$4500
001 0118340
005 20240318123258.3
041 0 |a slo 
044 |a SK 
245 1 0 |a Produktové inovácie v podniku cestovného ruchu s aplikáciou na Pohronský región  |b diplomová práca  |c Lenka Olšiaková ; škol. Lujza Jurkovičová 
264 1 |a Bratislava  |c 2010 
300 |a 80 s. 
100 1 |a Olšiaková, Lenka 
700 1 |a Jurkovičová, Lujza 
710 2 |a Obchodná fakulta EU. Katedra tovaroznalectva a kvality tovaru